| 000 | 00613nam a2200229Ia 4500 | ||
|---|---|---|---|
| 003 | OSt | ||
| 005 | 20220928143740.0 | ||
| 006 | a|||||r|||| 00| 0 | ||
| 007 | ta | ||
| 008 | 220927b |||||||| |||| 00| 0 eng d | ||
| 024 | _a23091 | ||
| 037 | _cTextual | ||
| 040 |
_aSDCL _cSDCL _beng |
||
| 041 |
_2eng _aeng |
||
| 082 | _aO15,1D40,4, 15K7 | ||
| 100 | _aKalidas | ||
| 245 | 0 | _aRitusamhara. | |
| 260 | _c1967 | ||
| 700 |
_a Upadhayaye Shasti Vyankatacharya Ed. _9506048 |
||
| 942 |
_hO15,1D40,4, 15K7 _cTEXL _2CC |
||
| 999 |
_c825037 _d825037 |
||